DR SANJAY PEERAPUR (Record no. 60659)

MARC details
000 -LEADER
fixed length control field 00469nam a2200169Ia 4500
008 - FIXED-LENGTH DATA ELEMENTS--GENERAL INFORMATION
fixed length control field 221001s9999 xx 000 0 und d
020 ## - INTERNATIONAL STANDARD BOOK NUMBER
International Standard Book Number 978-9385891168
041 ## - LANGUAGE CODE
Language code of text/sound track or separate title eng
082 ## - DEWEY DECIMAL CLASSIFICATION NUMBER
Classification number 610
100 ## - MAIN ENTRY--PERSONAL NAME
Personal name PRATICAL CUMMULATIVE RECORD BOOK FOR POST BSC NURSING PROGRAM
9 (RLIN) 96239
245 ## - TITLE STATEMENT
Title DR SANJAY PEERAPUR
250 ## - EDITION STATEMENT
Edition statement FIRST
260 ## - PUBLICATION, DISTRIBUTION, ETC. (IMPRINT)
Place of publication, distribution, etc. HYDRABADED
Name of publisher, distributor, etc. FRONTLINE PUBLICATION HYDERABAD
Date of publication, distribution, etc. 2019
300 ## - PHYSICAL DESCRIPTION
Extent 47
500 ## - GENERAL NOTE
Keywords FON
650 ## - SUBJECT ADDED ENTRY--TOPICAL TERM
Topical term or geographic name as entry element NURSING FOUNDATION
9 (RLIN) 181722
Holdings
Withdrawn status Lost status Damaged status Not for loan Home library Current library Date acquired Cost, normal purchase price Total Checkouts Full call number Barcode Date last seen Bill Date Koha item type Original Barcode
        Sitabai Nargundkar College of Nursing Nagpur Sitabai Nargundkar College of Nursing Nagpur 26/07/2022 150.00   610 SNCN-DB-85 01/10/2022 01/10/2022 Donated Book 85